| 000 | 01431nam a22002297a 4500 | ||
|---|---|---|---|
| 999 |
_c59828 _d59828 |
||
| 003 | Ge_BSU | ||
| 005 | 20230426103836.0 | ||
| 008 | 230426s2017ge xxu||||| |||| 00| 0 geo d | ||
| 020 | _a9789941801877 | ||
| 041 | _ageo | ||
| 080 | _a902.2(479.22) ო-57 | ||
| 245 |
_a2017 წელს ჩატარებული არქეოლოგიური გათხრების მოკლე ანგარიშების კრებული / _cშეადგინეს და გამოსაცემად მოამზადეს: მაია ჩოლოყაშვილმა, თამარ ნინიაშვილმა ; მთ. რედაქტორი ნიკოლოზ ანთიძე ; დიზაინი თამარ გულბანი. |
||
| 264 |
_aთბილისი, _c2018. |
||
| 300 |
_a308 გვ.: _b სურ., ტაბ. ; _c 25 სმ. |
||
| 520 | _aრეზიუმე ინგლ. ენაზე | ||
| 653 | _aარქეოლოგიური გათხრები საქართველოში. | ||
| 653 | _aარქეოლოგია | ||
| 700 |
_a ჩოლოყაშვილი, მაია _917789 |
||
| 700 |
_aნინიაშვილი, თამარ _eშემდგენელი _917790 |
||
| 700 |
_aანთიძე, ნიკოლოზ _eრედაქტორი _917652 |
||
| 942 |
_2udc _cBK |
||